Návrh opatrení na zlepšenie marketingovej komunikácie v automobilovom priemysle na Slovensku
Salvato in:
| Autore principale: | |
|---|---|
| Altri autori: | |
| Natura: | Manoscritto Libro |
| Lingua: | slovacco |
| Pubblicazione: |
2025
|
| Soggetti: | |
| Accesso online: | http://is.stuba.sk/zp/portal_zp.pl?podrobnosti=178951 |
| Tags: |
Nessun Tag, puoi essere il primo ad aggiungerne!!
|
MARC
| LEADER | 00000ntm a22000003a 4500 | ||
|---|---|---|---|
| 001 | stuzp104230 | ||
| 003 | SK-STU | ||
| 005 | 20250628211345.2 | ||
| 007 | ta | ||
| 008 | 150427s2015----xo-----f-mn---000-0-slo-d | ||
| 040 | |a STU |b slo | ||
| 041 | 0 | |a slo | |
| 100 | 1 | |a Hadmashi, Oleksandr |u 064000 |4 aut |U MTF Materiálovotechnologická fakulta |T MTF Ústav priemyselného inžinierstva a manažmentu |X 122795 |U M4000 |Y 84 |7 122795 | |
| 242 | 0 | 1 | |a Proposal of measures for improving marketing communication in the automotive Industry in Slovakia |y eng |
| 245 | 1 | 0 | |a Návrh opatrení na zlepšenie marketingovej komunikácie v automobilovom priemysle na Slovensku |
| 260 | |c 2025 | ||
| 650 | 4 | |a marketingová komunikácia |2 slo | |
| 650 | 4 | |a marketingový mix |2 slo | |
| 650 | 4 | |a automobilový priemysel |2 slo | |
| 650 | 4 | |a digitalizácia |2 slo | |
| 650 | 4 | |a marketing |2 slo | |
| 650 | 4 | |a marketing |2 eng | |
| 650 | 4 | |a digitalization |2 eng | |
| 650 | 4 | |a marketing communication |2 eng | |
| 650 | 4 | |a marketing mix |2 eng | |
| 650 | 4 | |a automotive industry |2 eng | |
| 700 | 1 | |a Cagala, Matúš |u 064000 |k Z3 |4 ths |U MTF Materiálovotechnologická fakulta |T MTF Ústav priemyselného inžinierstva a manažmentu |X 85364 |U M4000 |Y 84 |7 85364 | |
| 856 | 4 | |u http://is.stuba.sk/zp/portal_zp.pl?podrobnosti=178951 | |
| 996 | |c M* BP-9920 |l MMSKP |s P |a 0 |w stuzp104230_0001 | ||